| 000 | 00911nam a2200313 a 4500 | ||
|---|---|---|---|
| 001 | 57659 | ||
| 003 | BD-RjUL | ||
| 005 | 20211209080535.0 | ||
| 008 | 111216s1982 txua b 001 0 eng | ||
| 020 | _a0256027013 (pbk.) | ||
| 035 | _a(BD-RjUL) 57783 | ||
| 035 | _a(OCoLC)08268931 | ||
| 035 | _aGLIS00180403 | ||
| 040 |
_aDLC _cDLC _dMYG _bBD-RjUL |
||
| 041 | _aeng | ||
| 082 |
_223 _a330 _bLEE 1982 |
||
| 099 | _aHB171.5.L3747 1982 | ||
| 100 | 1 |
_aLeftwich, Richard H. _9171222 |
|
| 245 | 1 | 0 |
_aEconomics of social issues / _cRichard H. Leftwich, Ansel M. Sharp. |
| 250 | _a5th ed. | ||
| 260 |
_aPlano, Tex. : _bBusiness Publications ; _c1982. |
||
| 300 |
_ax, 380 p. : _bill. ; _c23 cm. |
||
| 504 | _aIncludes bibliographies and index. | ||
| 650 | 0 |
_aEconomics. _9170576 |
|
| 650 | 0 |
_aSocial problems. _9170755 |
|
| 700 | 1 |
_aSharp, Ansel Miree, _9171223 |
|
| 942 |
_2ddc _cBK |
||
| 999 |
_c57659 _d57659 |
||